000 01122cam a2200349 a 4500
001 22639
003 SK-KTurca
005 20260409091639.0
008 251031s2007 xo g 000 f slo
015 _aSNBA2008/03-01119
020 _a9788055114736
_q(viaz.)
035 _aB29223C1-236B-42EA-9141-60FC04C7273B
035 _aurn:nbn:sk:snk-amlcs9
035 _aurn:nbn:sk:snk-am009078
040 _aVTHK
_bslo
_cVTHK
_eAACR2
_dSNK
041 1 _aslo
_heng
044 _axo
_cSK
072 7 _a821.111(73)-3
_xAmerická próza
_2konspekt
080 _a821.111(73)-31
_22001
100 1 _aSteel, Danielle,
_d1947-
_4aut
240 1 0 _aH. R. H.
_lSlovensky
245 1 0 _aJej kráľovská výsosť
_cDanielle Steel ; [z anglického originálu preložila Tamara Chovanová]
250 _a[1. vyd.]
260 _aBratislava
_bIkar
_c2007
300 _a256 s.
_c21 cm
655 7 _aamerické romány
_2SNKPH
655 7 _aumelecká literatúra
_2SNKPH
700 1 _aChovanová, Tamara,
_d1953-
_4trl
942 _2ddc
_cKLDO
_n0
980 _a821.111(73)-31
999 _c22639
_d22639